000
00228nam a22000857a 4500
008
160708b xxu||||| |||| 00| 0 eng d
100
_9
2476
_a
Sarna C.S
245
_a
Secondary Mathematics-X
260
_a
New Delhi
_b
Arya Publication
_c
2010
999
_c
2143
_d
2143